A vuela pluma

Збережено в:
Бібліографічні деталі
Автор: Valera, Juan (Автор)
Формат: Книга
Мова:Іспанська
Опубліковано: Madrid Librería de Fernando Fé 1897
Серія:Colección de Artículos Literarios y Políticos
Предмети:
Теги: Додати тег
Немає тегів, Будьте першим, хто поставить тег для цього запису!

MARC

LEADER 00000nam a2200000 a 4500
001 UCZ4923
003 CL-VaPUC
008 951115e18970000SP |||||||||||||||||spa|d
082 0 4 |a 864  |b VAL  |2 21 
100 0 |a Valera, Juan  |e author  |9 345367 
245 1 2 |a A vuela pluma 
300 |a 354 p 
942 |c BK 
945 |d 19951115 00:00:00  |a rleighto 
260 |a Madrid  |b Librería de Fernando Fé  |c 1897 
650 0 |a Ensayos españoles  |9 313128 
583 |a last modification  |c 19951115 00:00:00  |k Rodrigo Vera 
490 0 |a Colección de Artículos Literarios y Políticos 
999 |c 241265  |d 241263 
952 |0 0  |1 0  |4 0  |6 864_000000000000000_VAL_1897  |7 0  |8 P  |9 253552  |a BIBEDU  |b BIBEDU  |c BIBEDU_PB  |d 2019-11-19  |i 3150178  |o 864 VAL 1897  |p 3150178  |r 2024-01-25  |w 2019-11-19  |y BK  |k LIT